দর্শনকোষ / (Record no. 4856)
[ view plain ]
| 000 -LEADER | |
|---|---|
| fixed length control field | 00660nam a2200229 a 4500 |
| 001 - CONTROL NUMBER | |
| JCCL Control Number | 4856 |
| 003 - CONTROL NUMBER IDENTIFIER | |
| JCCL marc code | BD-JhCC |
| 005 - DATE AND TIME OF LATEST TRANSACTION | |
| control field | 20190708134007.0 |
| 008 - FIXED-LENGTH DATA ELEMENTS--GENERAL INFORMATION | |
| fixed length control field | 171204s2006 bg |||| ||a| 001 0 ben d |
| 020 ## - INTERNATIONAL STANDARD BOOK NUMBER | |
| International Standard Book Number | 9848065024 |
| 035 ## - SYSTEM CONTROL NUMBER | |
| system control number | (BD-JhCC) 4856 |
| 040 ## - CATALOGING SOURCE | |
| Original cataloging agency | BD-JhCC |
| Modifying agency | BD-JhCC |
| 041 ## - LANGUAGE CODE | |
| Language code of Book | ben |
| 082 ## - DEWEY DECIMAL CLASSIFICATION NUMBER | |
| Classification number | 103 |
| Author mark and Year | KAR 2002 |
| 100 ## - MAIN ENTRY--PERSONAL NAME | |
| Personal name | করিম, সরদার ফজলুল |
| 245 ## - TITLE STATEMENT | |
| Title | দর্শনকোষ / |
| Statement of responsibility, etc | সরদার ফজলুল করিম, |
| 260 ## - PUBLICATION, DISTRIBUTION, ETC. (IMPRINT) | |
| Place of publication, distribution, etc | ঢাকা : |
| Name of publisher, distributor, etc | প্যাপিরাস , |
| Date of publication, distribution, etc | 2002 |
| 300 ## - PHYSICAL DESCRIPTION | |
| Pagination | 416 p .: |
| Dimensions | 22 cm . |
| 650 ## - SUBJECT ADDED ENTRY--TOPICAL TERM | |
| Topical term or geographic name as entry element | Philosophy |
| General subdivision | Dictionaries |
| 942 ## - ADDED ENTRY ELEMENTS (KOHA) | |
| Source of classification or shelving scheme | Dewey Decimal Classification |
| Koha item type | Books |
| Koha issues (borrowed), all copies | 3 |
| Source of classification or shelving scheme | Damaged status | Not for loan | Home library | Current library | Shelving location | Date of accession | Cost, normal purchase price | Total Checkouts | Full call number | Barcode | Date last seen | Date checked out | Copy number | Koha item type |
|---|---|---|---|---|---|---|---|---|---|---|---|---|---|---|
| Dewey Decimal Classification | JCC Rouf Library | JCC Rouf Library | General Stacks | 12/04/2017 | 350.00 | 2 | 103 KAR 2002 | 6453 | 07/13/2019 | 07/07/2019 | C-1 | Books | ||
| Dewey Decimal Classification | JCC Rouf Library | JCC Rouf Library | General Stacks | 02/01/2018 | 350.00 | 2 | 103 KAR 2002 | 8610 | 09/02/2025 | 06/18/2025 | C-2 | Books |